Environmental and natural resource economics (Record no. 62723)

MARC details
000 -LEADER
fixed length control field 00847nam a2200205 a 4500
008 - FIXED-LENGTH DATA ELEMENTS--GENERAL INFORMATION
fixed length control field 120416s1988 ||||||||||||||||| || u
020 ## - INTERNATIONAL STANDARD BOOK NUMBER
International Standard Book Number 0673189457
050 ## - LIBRARY OF CONGRESS CALL NUMBER
Classification number HC 79.E5 Tie
100 ## - MAIN ENTRY--PERSONAL NAME
Personal name Tietenberg, Tom
245 10 - TITLE STATEMENT
Title Environmental and natural resource economics
250 ## - EDITION STATEMENT
Edition statement 2nd ed
260 ## - PUBLICATION, DISTRIBUTION, ETC.
Place of publication, distribution, etc. Glenview, Ill.
Name of publisher, distributor, etc. Scott & Foreman
Date of publication, distribution, etc. 1988
300 ## - PHYSICAL DESCRIPTION
Extent xviii, 559p. : ill
350 ## -
-- 0.00
650 ## - SUBJECT ADDED ENTRY--TOPICAL TERM
Topical term or geographic name entry element ENVIRONMENT
650 #0 - SUBJECT ADDED ENTRY--TOPICAL TERM
Topical term or geographic name entry element ENVIRONMENTAL POLICY--MACEDONIA
650 ## - SUBJECT ADDED ENTRY--TOPICAL TERM
Topical term or geographic name entry element NATURAL RESOURCES--GOVERNMENT POLICY
995 ## -
-- MAIN LIBRARY OPEN ACCESS
-- 0.00
-- 725512
-- CBU-MAIN LIBRARY (Kitwe)
-- 2
-- 39.40
-- HC 79.E5 Tie
-- 2
-- AVAILABLE
-- 002168
-- Main Library Open Access Collection
995 ## -
-- MAIN LIBRARY OPEN ACCESS
-- 0.00
-- 725511
-- CBU-MAIN LIBRARY (Kitwe)
-- 1
-- 39.40
-- HC 79.E5 Tie
-- 1
-- AVAILABLE
-- 002167
-- Main Library Open Access Collection
999 ## -
-- 62723
-- 62723
Holdings
Withdrawn status Lost status Source of classification or shelving scheme Damaged status Not for loan Permanent Location Current Location Shelving location Date acquired Total Checkouts Full call number Barcode Date last seen Price effective from Koha item type
          CBU-MAIN LIBRARY, KITWE. CBU-MAIN LIBRARY, KITWE.   12/16/2022   HC 79.E5 Tie 002168 12/16/2022 12/16/2022 MONOGRAPH
          CBU-MAIN LIBRARY, KITWE. CBU-MAIN LIBRARY, KITWE.   12/16/2022   HC 79.E5 Tie 002167 12/16/2022 12/16/2022 MONOGRAPH